Statistics for Bad Photography - Footballers

Click here to take the quiz!

General Stats

  • This quiz has been taken 38 times
  • The average score is 12 of 16

Answer Stats

Answer% Correct
Luka Modrić
100%
Ángel Di María
97%
Lionel Messi
97%
Toni Kroos
92%
Franck Ribery
89%
Mohamed Salah
89%
Ronaldo Luís Nazário de Lima
89%
Wayne Rooney
89%
Olivier Giroud
87%
Zlatan Ibrahimović
79%
Alan Shearer
76%
Keisuke Honda
58%
Marta Vieira da Silva
53%
Cesc Fàbregas
45%
Mark Viduka
16%
Alessia Russo
8%

Score Distribution

Percentile by Number Answered

Percent of People with Each Score

Your Score History

You have not taken this quiz